[Event "Berlin Lichtenrade op 11th"]
[Site "Berlin"]
[Date "2015.10.24"]
[Round "1"]
[White "Foerster, Jonas"]
[Black "Hommel, Niclas"]
[Result "1-0"]
[WhiteElo "2261"]
[BlackElo "1735"]
[PlyCount "51"]
[EventDate "2015.10.24"]
[EventType "swiss"]
[EventRounds "9"]
[EventCountry "GER"]
[SourceTitle "CBM 169 Extra"]
[Source "ChessBase"]
[SourceDate "2015.12.18"]
[SourceVersion "1"]
[SourceVersionDate "2015.12.18"]
[SourceQuality "1"]

1. d4 Nf6 2. c4 e6 3. Nf3 c5 4. Nc3 d5 5. cxd5 Nxd5 6. e4 Nxc3 7. bxc3 cxd4 8. cxd4 Bb4+ 9. Bd2 Bxd2+ 10. Qxd2 0-0 11. Rc1 Nc6 12. Be2 Qd6 13. 0-0 Rd8 14. Rfd1 b6 15. e5 Qd7 16. Bb5 Bb7 17. d5 exd5 18. e6 Qd6 19. exf7+ Kxf7 20. Bxc6 Bxc6 21. Rxc6 Qe7 22. h4 Kg8 23. Qd4 h6 24. Re1 Qf7 25. Rec1 Rd7 26. Ne5 1-0

[Event "Arber op 4th"]
[Site "Bayerisch Eisenstein"]
[Date "2015.08.01"]
[Round "1"]
[White "Hommel, Niclas"]
[Black "Miesbauer, Jan"]
[Result "0-1"]
[WhiteElo "1619"]
[BlackElo "2121"]
[PlyCount "56"]
[EventDate "2015.08.01"]
[EventType "swiss"]
[EventRounds "9"]
[EventCountry "GER"]
[SourceTitle "EXT 2016"]
[Source "ChessBase"]
[SourceDate "2015.10.08"]
[SourceVersion "1"]
[SourceVersionDate "2015.10.08"]
[SourceQuality "1"]

1. e4 c5 2. Nf3 d6 3. d4 cxd4 4. Nxd4 Nf6 5. Nc3 Nc6 6. f3 e5 7. Nb3 Be6 8. Nd5 Rc8 9. c3 Nxe4 10. Be3 Nf6 11. Nxf6+ Qxf6 12. Be2 Be7 13. 0-0 0-0 14. Bd3 d5 15. Qb1 h6 16. Qd1 Rfd8 17. Qe2 d4 18. cxd4 exd4 19. Bf2 Nb4 20. Kh1 Nxd3 21. Qxd3 Bc4 22. Qe4 Bxf1 23. Rxf1 Bc5 24. Qxb7 Bb6 25. Qe4 d3 26. Bxb6 axb6 27. Rb1 d2 28. Qe2 Qxb2 0-1

[Event "GER-chT North U12"]
[Site "Magdeburg"]
[Date "2014.09.13"]
[Round "5.2"]
[White "Askerov, Imamali"]
[Black "Hommel, Niclas"]
[Result "1-0"]
[WhiteElo "1620"]
[BlackElo "1508"]
[PlyCount "53"]
[EventDate "2014.09.11"]
[EventType "team-swiss"]
[EventRounds "7"]
[EventCountry "GER"]
[SourceTitle "EXT 2016"]
[Source "ChessBase"]
[SourceDate "2015.10.08"]
[SourceVersion "1"]
[SourceVersionDate "2015.10.08"]
[SourceQuality "1"]
[WhiteTeam "Uelzen Post"]
[BlackTeam "Berlin Schachunion"]
[WhiteTeamCountry "GER"]
[BlackTeamCountry "GE2"]

1. e4 e5 2. Nf3 Nc6 3. d4 exd4 4. Nxd4 Bc5 5. Be3 Qf6 6. c3 Nge7 7. Bc4 0-0 8. 0-0 Bb6 9. f4 d6 10. Kh1 Be6 11. Nxe6 fxe6 12. Bxb6 axb6 13. f5 Nd8 14. fxe6 Qe5 15. Rxf8+ Kxf8 16. Qf3+ Ke8 17. Nd2 Nxe6 18. Rf1 Kd7 19. Qg4 h5 20. Qh3 c6 21. Bb3 d5 22. exd5 Nxd5 23. Nf3 Qe4 24. Re1 Qf4 25. Qxe6+ Kc7 26. Bxd5 cxd5 27. Qxd5 1-0